[Event "Oberliga Nord O 0910"]
[Site "Germany"]
[Date "2010.03.21"]
[Round "8.5"]
[White "Bulthaupt, Freerk"]
[Black "Sawatzki, Joerg"]
[Result "1/2-1/2"]
[WhiteElo "2171"]
[BlackElo "2212"]
[PlyCount "97"]
[EventDate "2009.10.18"]
[EventType "team-tourn"]
[EventRounds "9"]
[EventCountry "GER"]
[SourceTitle "EXT 2011"]
[Source "ChessBase"]
[SourceDate "2010.11.26"]
[SourceVersion "1"]
[SourceVersionDate "2010.11.26"]
[SourceQuality "1"]
[WhiteTeam "Zehlendorf"]
[BlackTeam "Lichtenberg"]
[WhiteTeamCountry "GER"]
[BlackTeamCountry "GER"]

1. d4 Nf6 2. c4 g6 3. Nc3 Bg7 4. e4 d6 5. Nge2 a6 6. Ng3 c6 7. a4 a5 8. Be2 Na6 9. h4 h5 10. Nf1 Qb6 11. Ne3 Nb4 12. 0-0 Ng4 13. d5 Nh6 14. Bf3 Bd7 15. Ra3 Bf6 16. g3 g5 17. hxg5 Bxg5 18. Ne2 Bf6 19. Bxh5 0-0-0 20. dxc6 bxc6 21. Nf4 Rh7 22. Bf3 Rdh8 23. Qe2 Rg8 24. Rd1 Be5 25. Nh5 f5 26. exf5 Nxf5 27. Nxf5 Bxf5 28. Be3 c5 29. Rb3 Qc7 30. Rxb4 axb4 31. Nf4 e6 32. Bg2 Bg4 33. Qd3 Bxf4 34. Bxf4 Bxd1 35. Qxd1 e5 36. Qd5 Rhg7 37. Be3 Kd8 38. a5 Ke7 39. a6 Rh8 40. Be4 Qd7 41. Bxc5 dxc5 42. Qxe5+ Kf8 43. Qf6+ Kg8 44. Bd5+ Rf7 45. Qg5+ Kf8 46. a7 Qxa7 47. Qd8+ Kg7 48. Qg5+ Kf8 49. Qd8+ 1/2-1/2

[Event "Berlin-ch"]
[Site "Berlin"]
[Date "2009.04.17"]
[Round "7"]
[White "Sawatzki, Joerg"]
[Black "Glantz, Robert"]
[Result "1-0"]
[WhiteElo "2231"]
[BlackElo "2194"]
[PlyCount "77"]
[EventDate "2009.04.11"]
[EventType "swiss"]
[EventRounds "9"]
[EventCountry "GER"]
[SourceTitle "CBM 129 Extra"]
[Source "ChessBase"]
[SourceDate "2009.05.05"]
[SourceVersion "2"]
[SourceVersionDate "2009.05.20"]
[SourceQuality "1"]

1. Nf3 Nf6 2. c4 g6 3. g3 Bg7 4. Bg2 0-0 5. 0-0 d6 6. d4 Nc6 7. Nc3 a6 8. e4 Rb8 9. a3 b5 10. cxb5 axb5 11. b4 e5 12. dxe5 Ng4 13. Bg5 Qd7 14. Nd5 Ngxe5 15. Rc1 Nc4 16. a4 Ba6 17. Rxc4 bxc4 18. b5 Bxb5 19. axb5 Rxb5 20. Nf6+ Bxf6 21. Bxf6 Rc5 22. Bc3 f6 23. Nd4 Nxd4 24. Qxd4 Qe6 25. Rd1 Qe5 26. Qe3 Qe7 27. Bd4 Rb5 28. Qc3 Kg7 29. Qxc4 Rfb8 30. Qc2 c5 31. Bc3 Qe6 32. Bf1 R5b6 33. Bc4 Qg4 34. Kg2 h5 35. h3 Qc8 36. Qd2 Qe8 37. Qf4 Qe7 38. g4 Re8 39. Bd5 1-0

[Event "Oberliga Nord O 0708"]
[Site "Germany"]
[Date "2008.01.20"]
[Round "5.4"]
[White "Neubauer, Andreas"]
[Black "Sawatzki, Joerg"]
[Result "0-1"]
[WhiteElo "2154"]
[BlackElo "2230"]
[PlyCount "84"]
[EventDate "2007.10.21"]
[EventType "team-tourn"]
[EventRounds "9"]
[EventCountry "GER"]
[SourceTitle "EXT 2009"]
[Source "ChessBase"]
[SourceDate "2008.11.26"]
[SourceVersion "1"]
[SourceVersionDate "2008.11.26"]
[SourceQuality "1"]
[WhiteTeam "Eberswalde"]
[BlackTeam "Friesen Lichtenberg"]
[WhiteTeamCountry "GER"]
[BlackTeamCountry "GER"]

1. Nf3 Nf6 2. d4 g6 3. c4 Bg7 4. Nc3 0-0 5. e4 d6 6. Be2 e5 7. d5 Na6 8. 0-0 Nc5 9. Qc2 a5 10. Bg5 h6 11. Be3 Nh5 12. Rad1 b6 13. Ne1 Nf4 14. Bxf4 exf4 15. Nf3 Bd7 16. Nd4 Be5 17. Ncb5 Qf6 18. b3 Na6 19. Rfe1 h5 20. a3 Kg7 21. Bf1 Rae8 22. Rd2 g5 23. Nf3 g4 24. Nxe5 Rxe5 25. g3 h4 26. Rde2 f3 27. Rd2 Rh8 28. Bd3 Qh6 29. Qb2 Kf8 30. b4 hxg3 31. fxg3 axb4 32. axb4 Rh5 33. Bb1 Rh3 34. Red1 f2+ 35. Rxf2 Rxg3+ 36. Kh1 Rh3 37. Rdd2 g3 38. Rg2 Bg4 39. Nd4 Qe3 40. Nf5 Qe1+ 41. Rg1 Bf3+ 42. Rdg2 Rxh2# 0-1

[Event "GER-chT LG-22 email"]
[Site "GER email"]
[Date "2007.10.25"]
[Round "?"]
[White "Bissmann, Stefan"]
[Black "Sawatzki, Joerg"]
[Result "1-0"]
[WhiteElo "2455"]
[BlackElo "2384"]
[PlyCount "93"]
[EventDate "2007.??.??"]
[EventType "tourn (corr)"]
[EventRounds "8"]
[EventCountry "GER"]
[SourceTitle "Corr 2011"]
[Source "ChessBase"]
[SourceDate "2010.08.31"]
[SourceVersion "1"]
[SourceVersionDate "2010.08.31"]
[SourceQuality "1"]

1. e4 e5 2. Nf3 Nc6 3. d4 exd4 4. Nxd4 Nf6 5. Nxc6 bxc6 6. e5 Qe7 7. Qe2 Nd5 8. c4 Ba6 9. b3 0-0-0 10. g3 f6 11. Bg2 fxe5 12. 0-0 Nf6 13. Bb2 Re8 14. Re1 h5 15. Qd2 h4 16. Rxe5 Qf7 17. Qa5 Bb7 18. Rxe8+ Qxe8 19. Nd2 hxg3 20. hxg3 Rh5 21. Qc3 Bd6 22. Qd3 Rh8 23. Nf3 Kb8 24. Re1 Qh5 25. Nh4 Re8 26. Rxe8+ Qxe8 27. Bf3 Be5 28. Bxe5 Qxe5 29. Qg6 Ne8 30. Qf5 Qe7 31. Ng6 Qf6 32. Qxf6 Nxf6 33. Kf1 Kc8 34. Ke2 Kd8 35. Ke3 d6 36. g4 Ke8 37. g5 Nd7 38. Bg4 c5 39. f4 Nb6 40. f5 d5 41. Nf4 dxc4 42. Ne6 cxb3 43. axb3 Nd5+ 44. Kd3 Nb4+ 45. Kd2 Bc8 46. Bh5+ Ke7 47. Nxg7 1-0

[Event "Oberliga Nord O 0708"]
[Site "Germany"]
[Date "2007.10.21"]
[Round "1.4"]
[White "Sawatzki, Joerg"]
[Black "Bilek, Michael"]
[Result "1/2-1/2"]
[WhiteElo "2230"]
[BlackElo "2325"]
[PlyCount "43"]
[EventDate "2007.10.21"]
[EventType "team-tourn"]
[EventRounds "9"]
[EventCountry "GER"]
[SourceTitle "EXT 2009"]
[Source "ChessBase"]
[SourceDate "2008.11.26"]
[SourceVersion "1"]
[SourceVersionDate "2008.11.26"]
[SourceQuality "1"]
[WhiteTeam "Friesen Lichtenberg"]
[BlackTeam "Lasker Steglitz"]
[WhiteTeamCountry "GER"]
[BlackTeamCountry "GER"]

1. c4 c5 2. Nc3 Nc6 3. Nf3 Nd4 4. e3 Nxf3+ 5. Qxf3 g6 6. Be2 Bg7 7. 0-0 Nh6 8. Rd1 0-0 9. d4 d6 10. h3 cxd4 11. exd4 Nf5 12. Qe4 e6 13. Be3 Nxe3 14. Qxe3 Bd7 15. Rac1 Qh4 16. Qe4 Qxe4 17. Nxe4 d5 18. cxd5 exd5 19. Nc5 Bc8 20. Bf3 Rd8 21. Nb3 Be6 22. Rc7 1/2-1/2

[Event "GER-ch36 V6 email"]
[Site "GER email"]
[Date "2004.03.29"]
[Round "?"]
[White "Laube, Bernd"]
[Black "Sawatzki, Joerg"]
[Result "0-1"]
[WhiteElo "2176"]
[BlackElo "2190"]
[PlyCount "68"]
[EventDate "2004.03.29"]
[EventType "tourn (corr)"]
[EventRounds "10"]
[EventCountry "GER"]
[SourceTitle "Corr 2008"]
[Source "ChessBase"]
[SourceDate "2008.06.24"]
[SourceVersion "1"]
[SourceVersionDate "2008.06.24"]
[SourceQuality "1"]

1. d4 Nf6 2. c4 g6 3. Nc3 Bg7 4. e4 d6 5. Nf3 0-0 6. h3 Na6 7. Bg5 c6 8. Be2 e5 9. d5 h6 10. Be3 cxd5 11. cxd5 Nc5 12. Qc2 Ne8 13. g4 a5 14. g5 h5 15. Nd2 Bd7 16. a4 Kh7 17. Bb5 Rc8 18. Bxd7 Nxd7 19. Rc1 Nc5 20. Nc4 f6 21. h4 fxg5 22. hxg5 b6 23. Nb5 Rf7 24. Qe2 Nxa4 25. Qg4 Re7 26. Ra1 Kg8 27. Qe2 Nc5 28. Nd2 Rf7 29. Kf1 Qd7 30. Nc3 Nc7 31. Nc4 Na8 32. Nd2 Rcf8 33. Nb5 Nc7 34. b3 Nxb5 0-1

[Event "GER-ch36 V6 email"]
[Site "GER email"]
[Date "2004.03.29"]
[Round "?"]
[White "Raessler, Arndt"]
[Black "Sawatzki, Joerg"]
[Result "1/2-1/2"]
[WhiteElo "2108"]
[BlackElo "2190"]
[PlyCount "85"]
[EventDate "2004.03.29"]
[EventType "tourn (corr)"]
[EventRounds "10"]
[EventCountry "GER"]
[SourceTitle "Corr 2008"]
[Source "ChessBase"]
[SourceDate "2008.06.24"]
[SourceVersion "1"]
[SourceVersionDate "2008.06.24"]
[SourceQuality "1"]

1. d4 Nf6 2. Nf3 d6 3. c4 g6 4. Nc3 Bg7 5. e4 0-0 6. Be2 e5 7. dxe5 dxe5 8. Qxd8 Rxd8 9. Bg5 Nbd7 10. Rd1 Rf8 11. 0-0 c6 12. Rd6 Ne8 13. Rd2 Nef6 14. b4 h6 15. Bh4 g5 16. Bg3 a5 17. b5 Nc5 18. Bxe5 Nfxe4 19. Bxg7 Kxg7 20. Nxe4 Nxe4 21. Rd3 cxb5 22. cxb5 Be6 23. Re3 Nf6 24. a4 Nd5 25. Ra3 Nf4 26. Re1 Nxe2+ 27. Rxe2 Rfd8 28. h4 g4 29. Ne1 Rd4 30. Nc2 Rd1+ 31. Kh2 Rc8 32. Ne3 Rd4 33. Nc2 Rdc4 34. Ne3 Re4 35. Rd2 f5 36. g3 f4 37. gxf4 Rxf4 38. Nd5 Re4 39. Nc3 Rec4 40. Ne2 R8c7 41. Rd6 Bc8 42. Kg3 Rf7 43. Rd4 1/2-1/2

[Event "GER-ch36 V6 email"]
[Site "GER email"]
[Date "2004.03.29"]
[Round "?"]
[White "Sawatzki, Joerg"]
[Black "Zajontz, Rainer"]
[Result "1/2-1/2"]
[WhiteElo "2190"]
[BlackElo "2183"]
[PlyCount "87"]
[EventDate "2004.03.29"]
[EventType "tourn (corr)"]
[EventRounds "10"]
[EventCountry "GER"]
[SourceTitle "Corr 2008"]
[Source "ChessBase"]
[SourceDate "2008.06.24"]
[SourceVersion "1"]
[SourceVersionDate "2008.06.24"]
[SourceQuality "1"]

1. c4 e5 2. Nc3 Nf6 3. g3 Bb4 4. Nf3 Nc6 5. Nd5 e4 6. Nh4 Bc5 7. Bg2 0-0 8. 0-0 d6 9. Nxf6+ Qxf6 10. Bxe4 Re8 11. d3 Bh3 12. Ng2 Rab8 13. e3 Qh6 14. Bf3 Ne5 15. Be2 Bb6 16. d4 Nd7 17. Re1 c6 18. Bf3 g5 19. a4 a5 20. Bd2 Nf6 21. Qb3 Bc7 22. e4 Qg6 23. Qe3 h6 24. Bc3 Bb6 25. Rad1 Rbd8 26. Qd3 h5 27. Re3 Rd7 28. Rde1 Rde7 29. Qd1 Bg4 30. Bxg4 hxg4 31. e5 dxe5 32. R3e2 Nd7 33. dxe5 Nc5 34. Ne3 Rd7 35. Rd2 Rxd2 36. Qxd2 Nd3 37. Rd1 Nxe5 38. Bxe5 Rxe5 39. Nxg4 Re4 40. Qd7 Kg7 41. Qxb7 Bc5 42. h3 Rxg4 43. hxg4 Bxf2+ 44. Kxf2 1/2-1/2

[Event "Berlin Lichtenberger Sommer 2nd"]
[Site "Berlin"]
[Date "2003.08.21"]
[Round "6.16"]
[White "Mueller, Peter"]
[Black "Sawatzki, Joerg"]
[Result "0-1"]
[WhiteElo "1935"]
[BlackElo "2154"]
[PlyCount "100"]
[EventDate "2003.08.16"]
[EventType "swiss"]
[EventRounds "9"]
[EventCountry "GER"]
[SourceTitle "EXT 2022"]
[Source "ChessBase"]
[SourceDate "2021.10.06"]
[SourceVersion "1"]
[SourceVersionDate "2021.10.06"]
[SourceQuality "1"]

1. e4 e5 2. Nf3 Nc6 3. d4 exd4 4. Bc4 Nf6 5. 0-0 Nxe4 6. Re1 d5 7. Bxd5 Qxd5 8. Nc3 Qa5 9. Nxe4 Be6 10. Bd2 Qh5 11. Bg5 Bb4 12. Nxd4 Qxd1 13. Rexd1 Nxd4 14. Rxd4 Be7 15. Re1 b6 16. f4 h6 17. Bxe7 Kxe7 18. Ng3 g6 19. f5 gxf5 20. Nxf5+ Kf6 21. Rf1 Ke5 22. Rdf4 Rad8 23. R4f2 c5 24. Re1+ Kd5 25. Nxh6 Rdf8 26. Nf5 Kc6 27. b3 Rh7 28. Rd1 Kc7 29. Nd6 Rfh8 30. h3 Rg7 31. Kh2 a6 32. Ne4 Rg6 33. Nf6 Kc6 34. c4 Rgh6 35. Rd3 Rg6 36. Ne4 Rgg8 37. Rf6 Rg4 38. Nd6 Rd4 39. Rxd4 cxd4 40. Nxf7 Re8 41. Rxe6+ Rxe6 42. Nd8+ Kd7 43. Nxe6 d3 44. Nf4 d2 45. Nd5 d1Q 46. Nxb6+ Ke6 47. Nd5 Qd2 48. a3 Qb2 49. Nc7+ Kf5 50. Nxa6 Qxa3 0-1

[Event "Berlin Lichtenberger Sommer 2nd"]
[Site "Berlin"]
[Date "2003.08.20"]
[Round "5.13"]
[White "Sawatzki, Joerg"]
[Black "Kapr, Klaus"]
[Result "1/2-1/2"]
[WhiteElo "2154"]
[BlackElo "1936"]
[PlyCount "105"]
[EventDate "2003.08.16"]
[EventType "swiss"]
[EventRounds "9"]
[EventCountry "GER"]
[SourceTitle "EXT 2022"]
[Source "ChessBase"]
[SourceDate "2021.10.06"]
[SourceVersion "1"]
[SourceVersionDate "2021.10.06"]
[SourceQuality "1"]

1. c4 e5 2. Nc3 Nf6 3. g3 Nc6 4. Bg2 Bc5 5. a3 a5 6. e3 d6 7. Nge2 Bg4 8. h3 Bh5 9. d3 0-0 10. g4 Bg6 11. Ng3 Nd7 12. h4 f6 13. Bd5+ Bf7 14. Bxf7+ Rxf7 15. b3 Ne7 16. d4 Ba7 17. Qd3 Qf8 18. Bd2 d5 19. c5 c6 20. f4 b6 21. b4 Bb8 22. Kf2 axb4 23. axb4 Rxa1 24. Rxa1 exf4 25. exf4 Ng6 26. Nce2 Re7 27. h5 Nh8 28. Nf5 Re8 29. Neg3 g6 30. Nh4 g5 31. Ng2 gxf4 32. Bxf4 Bxf4 33. Nxf4 Qh6 34. Qf5 bxc5 35. bxc5 Nf7 36. Ra6 Nd8 37. Kg2 Nf8 38. Ra7 Nde6 39. Nfe2 Qg5 40. Qxg5+ fxg5 41. Nf5 Kh8 42. Nd6 Rb8 43. Nf7+ Kg8 44. Ne5 Rb2 45. Kf3 Rb3+ 46. Kf2 Rb2 47. Ke3 Rb3+ 48. Kd2 Rb2+ 49. Kd3 Rb3+ 50. Nc3 Nxd4 51. Kxd4 Ne6+ 52. Kd3 d4 53. Ra8+ 1/2-1/2

[Event "Travemuende op 19th"]
[Site "Travemuende"]
[Date "2002.12.29"]
[Round "6"]
[White "Sawatzki, Joerg"]
[Black "Schmid, Thomas"]
[Result "1/2-1/2"]
[WhiteElo "2261"]
[BlackElo "2175"]
[PlyCount "45"]
[EventDate "2002.12.21"]
[EventType "swiss"]
[EventRounds "7"]
[EventCountry "GER"]
[SourceTitle "EXT 2004"]
[Source "ChessBase"]
[SourceDate "2003.11.25"]
[SourceVersion "1"]
[SourceVersionDate "2003.11.25"]
[SourceQuality "1"]

1. c4 Nf6 2. Nc3 c5 3. Nf3 e6 4. g3 b6 5. Bg2 Bb7 6. 0-0 d6 7. b3 Be7 8. Bb2 a6 9. d4 cxd4 10. Nxd4 Bxg2 11. Kxg2 Qc7 12. e3 0-0 13. f4 Nc6 14. Qf3 Rac8 15. Rad1 g6 16. Rf2 Rfd8 17. Ne4 Nxe4 18. Qxe4 Bf8 19. Nf3 Bg7 20. Bxg7 Kxg7 21. Rfd2 Kg8 22. Qb1 Ne7 23. e4 1/2-1/2

[Event "Travemuende op 19th"]
[Site "Travemuende"]
[Date "2002.12.28"]
[Round "4"]
[White "Sawatzki, Joerg"]
[Black "Buermann, Jan"]
[Result "1/2-1/2"]
[WhiteElo "2261"]
[BlackElo "2122"]
[PlyCount "85"]
[EventDate "2002.12.21"]
[EventType "swiss"]
[EventRounds "7"]
[EventCountry "GER"]
[SourceTitle "EXT 2004"]
[Source "ChessBase"]
[SourceDate "2003.11.25"]
[SourceVersion "1"]
[SourceVersionDate "2003.11.25"]
[SourceQuality "1"]

1. c4 c5 2. Nc3 Nf6 3. Nf3 d5 4. cxd5 Nxd5 5. e4 Nb4 6. Bc4 Nd3+ 7. Ke2 Nf4+ 8. Kf1 Ne6 9. Ne5 Qd4 10. Qa4+ Bd7 11. Nxd7 Qxd7 12. Bxe6 fxe6 13. Qxd7+ Kxd7 14. e5 Nc6 15. Ne4 b6 16. f4 h6 17. h4 g6 18. d3 Bg7 19. Be3 Kc7 20. Ke2 Rad8 21. Rhd1 Rd7 22. Rac1 Rhd8 23. a3 a5 24. g3 Kb7 25. d4 Nxd4+ 26. Bxd4 Rxd4 27. Rxd4 Rxd4 28. Ke3 Rd7 29. g4 Rd5 30. g5 h5 31. Nc3 Rd4 32. Rd1 Rxd1 33. Nxd1 Kc7 34. a4 Kc6 35. Nc3 Bf8 36. Nb5 Bg7 37. Na7+ Kb7 38. Nb5 Kc6 39. Nc3 Bf8 40. Ne2 Bg7 41. b3 Bh8 42. Nc3 Bg7 43. Ne4 1/2-1/2

[Event "Greifswald Ryck op"]
[Site "Greifswald"]
[Date "2002.08.22"]
[Round "1"]
[White "Jepp, Wolfgang"]
[Black "Sawatzki, Joerg"]
[Result "1/2-1/2"]
[WhiteElo "1621"]
[BlackElo "2261"]
[PlyCount "57"]
[EventDate "2002.08.??"]
[EventType "swiss"]
[EventRounds "7"]
[EventCountry "GER"]
[SourceTitle "EXT 2005"]
[Source "ChessBase"]
[SourceDate "2004.11.15"]
[SourceVersion "1"]
[SourceVersionDate "2004.11.15"]
[SourceQuality "1"]

1. e4 e5 2. Bc4 Nf6 3. d4 exd4 4. Nf3 Nc6 5. Ng5 d5 6. exd5 Na5 7. Qe2+ Qe7 8. Bb5+ c6 9. dxc6 bxc6 10. Bd3 Qxe2+ 11. Bxe2 Be7 12. Bd2 Nb7 13. c3 c5 14. cxd4 cxd4 15. 0-0 0-0 16. Rc1 Nd6 17. Bb4 Nd5 18. Bxd6 Bxd6 19. Nf3 Nf4 20. Bf1 Bb7 21. Nbd2 Rad8 22. g3 Ne6 23. Bg2 Be7 24. Ne5 Bxg2 25. Kxg2 Bf6 26. Ng4 Be7 27. Ne5 Bf6 28. Ng4 Be7 29. Ne5 1/2-1/2